Nové potraviny - nádej, či hrozba?

Geneticky modifikované organizmy (GMO) - ich podstata. Výhody a riziká genetický modifikovaných (GM) rastlín. Legislatíva Európskej únie a Slovenska v tejto oblasti. Výsledky GMO analýzy na vybrané druhy potravín.

Gespeichert in:
Bibliographische Detailangaben
1. Verfasser: Čapková, Anna
Format: Buchkapitel
Sprache:Slowakisch
Schlagworte:
Tags: Tag hinzufügen
Keine Tags, Fügen Sie das erste Tag hinzu!

MARC

LEADER 00000naa a2200000 4500
001 r047873
005 20231002114925.2
041 0 |a slo 
044 |a SK 
245 1 0 |a Nové potraviny - nádej, či hrozba?  |c Anna Čapková 
520 |a Geneticky modifikované organizmy (GMO) - ich podstata. Výhody a riziká genetický modifikovaných (GM) rastlín. Legislatíva Európskej únie a Slovenska v tejto oblasti. Výsledky GMO analýzy na vybrané druhy potravín. 
610 2 0 |a potraviny modifikované geneticky 
610 2 0 |a potravinárstvo 
610 2 0 |a zdravie 
610 2 0 |a legislatíva 
610 2 0 |a Európska únia 
610 2 0 |a Slovensko 
100 1 |a Čapková, Anna